000 00627nam a2200181Ia 4500
008 151018s9999 xx 000 0 und d
082 _bRBASDV29135
_a891.463
100 _aमुकुंद आत्माराम महाले
245 _aप्रेम संघर्ष
250 _b1
260 _bजाणीव
_c1997
300 _a167
600 _aमुकुंद आत्माराम महाले
630 _aप्रेम संघर्ष
700 _aमुकुंद आत्माराम महाले
730 _aप्रेम संघर्ष
942 _cBOOK
999 _c1028700
_d1028697